[Event "Ceske Budejovice op-A"]
[Site "Ceske Budejovice"]
[Date "2020.07.09"]
[Round "9"]
[White "Steinbauer, Sebastian"]
[Black "Vahala, Tomas"]
[Result "1/2-1/2"]
[WhiteElo "1561"]
[BlackElo "1804"]
[PlyCount "93"]
[EventDate "2020.07.01"]
[EventType "swiss"]
[EventRounds "9"]
[EventCountry "CZE"]
[SourceTitle "CBM 197 Extra"]
[Source "ChessBase"]
[SourceDate "2020.09.30"]
[SourceVersion "1"]
[SourceVersionDate "2020.09.30"]
[SourceQuality "1"]

1. e4 c5 2. d4 cxd4 3. c3 dxc3 4. Nxc3 Nc6 5. Nf3 d6 6. Bc4 a6 7. 0-0 Nf6 8. Qe2 Bg4 9. Rd1 e6 10. Bf4 Qb8 11. Rd2 Be7 12. Rad1 Ne5 13. Bxe5 dxe5 14. h3 Bxf3 15. Qxf3 0-0 16. g4 g6 17. h4 Qc7 18. Bb3 Rfd8 19. h5 Rxd2 20. Rxd2 Rd8 21. Rc2 Qb8 22. Qh3 b5 23. hxg6 hxg6 24. f4 Bf8 25. f5 Qb6+ 26. Kh1 Nxe4 27. fxg6 fxg6 28. Qf3 Ng5 29. Qf6 Qb7+ 30. Kh2 Qe7 31. Qxg6+ Bg7 32. Rf2 Rf8 33. Rxf8+ Kxf8 34. Ne4 Nxe4 35. Qxe4 Qd6 36. Kh3 Bf6 37. Qg6 Qe7 38. g5 Bxg5 39. Bxe6 Qg7 40. Qxg7+ Kxg7 41. Bc8 a5 42. Bd7 b4 43. a4 Kf6 44. b3 e4 45. Kg2 Ke5 46. Kf2 Kd4 47. Ke2 1/2-1/2

[Event "Ceske Budejovice op-A"]
[Site "Ceske Budejovice"]
[Date "2020.07.05"]
[Round "5"]
[White "Vahala, Tomas"]
[Black "Chval, Zdenek1111"]
[Result "1-0"]
[WhiteElo "1804"]
[BlackElo "1721"]
[PlyCount "57"]
[EventDate "2020.07.01"]
[EventType "swiss"]
[EventRounds "9"]
[EventCountry "CZE"]
[SourceTitle "CBM 197 Extra"]
[Source "ChessBase"]
[SourceDate "2020.09.30"]
[SourceVersion "1"]
[SourceVersionDate "2020.09.30"]
[SourceQuality "1"]

1. c4 Nf6 2. Nc3 g6 3. d4 Bg7 4. e4 d6 5. h3 0-0 6. Be3 e5 7. d5 c6 8. g4 cxd5 9. cxd5 a6 10. Nge2 b5 11. Ng3 Nbd7 12. Be2 Nb6 13. g5 Nfd7 14. b3 Nc5 15. Qd2 f5 16. gxf6 Qxf6 17. Rh2 Bd7 18. h4 Rac8 19. h5 Rc7 20. Bg5 Qf7 21. hxg6 hxg6 22. Nd1 Rfc8 23. Ne3 Bf6 24. Ng4 Bxg4 25. Bxg4 Bxg5 26. Qxg5 Nd3+ 27. Kf1 Nf4 28. Bxc8 Rxc8 29. Nf5 1-0

[Event "Ceske Budejovice op-A"]
[Site "Ceske Budejovice"]
[Date "2020.07.01"]
[Round "1"]
[White "Marsalek, Zdenek"]
[Black "Vahala, Tomas"]
[Result "1-0"]
[WhiteElo "2190"]
[BlackElo "1804"]
[PlyCount "87"]
[EventDate "2020.07.01"]
[EventType "swiss"]
[EventRounds "9"]
[EventCountry "CZE"]
[SourceTitle "CBM 197 Extra"]
[Source "ChessBase"]
[SourceDate "2020.09.30"]
[SourceVersion "1"]
[SourceVersionDate "2020.09.30"]
[SourceQuality "1"]

1. d4 Nf6 2. Nf3 g6 3. g3 d5 4. Bg2 Bg7 5. 0-0 0-0 6. c4 dxc4 7. Na3 c5 8. Nxc4 Na6 9. dxc5 Qxd1 10. Rxd1 Nxc5 11. Be3 Ne6 12. Nfe5 a5 13. Rac1 h5 14. h3 Kh7 15. b3 Bh6 16. f4 h4 17. Nb6 Rb8 18. Rc4 Ng7 19. g4 Be6 20. Rcc1 Nfe8 21. Nbd7 Bxd7 22. Nxd7 Nd6 23. Nxf8+ Rxf8 24. g5 Ngf5 25. Bc5 Bg7 26. Bf3 Rc8 27. Bxd6 Rxc1 28. Rxc1 Nxd6 29. e3 e5 30. fxe5 Bxe5 31. Rc7 b6 32. Bd5 Kg7 33. a4 Bg3 34. Kg2 Be5 35. Kf3 Bg3 36. Ke2 Be5 37. Rc6 b5 38. Ra6 bxa4 39. bxa4 f6 40. Ra7+ Kf8 41. gxf6 Bxf6 42. Rxa5 Bc3 43. Ra7 g5 44. Kf3 1-0

[Event "Ceske Budejovice op"]
[Site "Ceske Budejovice"]
[Date "2019.07.03"]
[Round "5"]
[White "Vahala, Tomas"]
[Black "Kaspar, Jonas"]
[Result "1-0"]
[WhiteElo "1774"]
[BlackElo "1890"]
[PlyCount "137"]
[EventDate "2019.06.29"]
[EventType "swiss"]
[EventRounds "9"]
[EventCountry "CZE"]
[SourceTitle "CBM 191 Extra"]
[Source "ChessBase"]
[SourceDate "2019.09.30"]
[SourceVersion "1"]
[SourceVersionDate "2019.09.30"]
[SourceQuality "1"]

1. d4 Nf6 2. c4 g6 3. Nc3 Bg7 4. e4 d6 5. h3 0-0 6. Be3 Nbd7 7. g4 e5 8. d5 Nc5 9. Bg2 a5 10. Nge2 Nfd7 11. Ng3 a4 12. Bf3 Nb6 13. Be2 Bd7 14. h4 Qe7 15. Qd2 Nc8 16. h5 Qe8 17. hxg6 fxg6 18. g5 Nb6 19. Kf1 Qc8 20. Kg2 Rf7 21. Rh4 Qd8 22. Rah1 Bh8 23. Qe1 Qe7 24. Qg1 Na6 25. a3 Nc5 26. Qh2 Nb3 27. Rh6 Rg7 28. Nb5 Bxb5 29. cxb5 Nd7 30. Bg4 Nf8 31. Qh4 Nd4 32. Nf5 Nxf5 33. exf5 gxf5 34. Bxf5 Ra5 35. Qh5 Qf7 36. g6 Nxg6 37. Kf1 Nf8 38. Qh3 Rxb5 39. Be6 Nxe6 40. dxe6 Qe7 41. Rxh7 Rxh7 42. Qxh7+ Qxh7 43. Rxh7 Bf6 44. e7 Bxe7 45. Rxe7 c6 46. Re6 Rd5 47. Ke2 Kf7 48. Rh6 b5 49. Rh4 Kf6 50. f3 c5 51. Rh1 c4 52. Rd1 Rxd1 53. Kxd1 Kf5 54. Kd2 Ke6 55. f4 exf4 56. Bxf4 d5 57. Kc3 Kf5 58. Be3 Ke4 59. Bd4 Kf3 60. Bf6 Ke3 61. Kb4 d4 62. Kxb5 c3 63. bxc3 dxc3 64. Bxc3 Ke4 65. Kxa4 Kd5 66. Kb5 Kd6 67. Kb6 Kd7 68. Kb7 Kd6 69. a4 1-0

[Event "Ceske Budejovice op"]
[Site "Ceske Budejovice"]
[Date "2019.06.29"]
[Round "1"]
[White "Vahala, Tomas"]
[Black "Lys, Josef"]
[Result "0-1"]
[WhiteElo "1774"]
[BlackElo "2108"]
[PlyCount "144"]
[EventDate "2019.06.29"]
[EventType "swiss"]
[EventRounds "9"]
[EventCountry "CZE"]
[SourceTitle "CBM 191 Extra"]
[Source "ChessBase"]
[SourceDate "2019.09.30"]
[SourceVersion "1"]
[SourceVersionDate "2019.09.30"]
[SourceQuality "1"]

1. d4 Nf6 2. c4 e6 3. Nc3 d5 4. Nf3 Be7 5. g3 0-0 6. Bg2 dxc4 7. 0-0 Nbd7 8. Qc2 Nb6 9. Rd1 Nfd5 10. e4 Nb4 11. Qe2 Qe8 12. Be3 Bd7 13. Ne5 Ba4 14. Nxa4 Qxa4 15. Rd2 Qa6 16. Bf1 Bf6 17. Ng4 Be7 18. Ne5 Rad8 19. Qg4 Bf6 20. Nf3 Kh8 21. h4 Nd7 22. e5 Be7 23. b3 b5 24. bxc4 bxc4 25. h5 Nd5 26. h6 Rg8 27. Qe4 Nxe3 28. Qxe3 Nb6 29. Ng5 Bxg5 30. Qxg5 Rd7 31. Rc1 Qa3 32. Rdc2 Qf3 33. Be2 Qe4 34. Bxc4 Rxd4 35. Bf1 Nd5 36. Bg2 Qg6 37. hxg7+ Kxg7 38. Qxg6+ hxg6 39. Bxd5 Rxd5 40. Rxc7 Ra5 41. R1c2 a6 42. Ra7 g5 43. Rc6 Rxe5 44. Rcxa6 Rc8 45. Ra3 Kg6 46. R7a5 Re1+ 47. Kg2 g4 48. Re3 Rd1 49. Rae5 Rcc1 50. f4 Rd2+ 51. Re2 Rcc2 52. Kf1 Rxa2 53. Rxd2 Rxd2 54. Rg5+ Kf6 55. Rxg4 Kf5 56. Rg5+ Ke4 57. Ra5 Kf3 58. Ra3+ Kg4 59. Rb3 Kh3 60. Ra3 f5 61. Rb3 Kh2 62. Re3 Ra2 63. Ke1 Kg2 64. g4 fxg4 65. Rxe6 g3 66. f5 Kf3 67. Rg6 g2 68. f6 Ra1+ 69. Kd2 Ra7 70. Rg5 Rf7 71. Rg6 Kf2 72. Rg5 Rxf6 0-1

[Event "Orlova op 14th"]
[Site "Orlova"]
[Date "2017.05.27"]
[Round "8"]
[White "Vahala, Tomas"]
[Black "Adamczyk, Piotr"]
[Result "1-0"]
[WhiteElo "1773"]
[BlackElo "1732"]
[PlyCount "69"]
[EventDate "2017.05.20"]
[EventType "swiss"]
[EventRounds "9"]
[EventCountry "CZE"]
[SourceTitle "CBM 178 Extra"]
[Source "ChessBase"]
[SourceDate "2017.06.22"]
[SourceVersion "1"]
[SourceVersionDate "2017.06.22"]
[SourceQuality "1"]

1. d4 Nf6 2. c4 e6 3. Nc3 d5 4. Nf3 Be7 5. e3 0-0 6. Bd3 dxc4 7. Bxc4 c5 8. 0-0 a6 9. a4 Nc6 10. Ne2 Qc7 11. Qc2 e5 12. dxc5 Bg4 13. Nd2 Nb4 14. Qb3 Bxc5 15. Ng3 Qc6 16. h3 Bd7 17. Nf3 Bd6 18. Bd2 b5 19. axb5 axb5 20. Bxf7+ Rxf7 21. Rxa8+ Qxa8 22. Bxb4 Bxh3 23. Bxd6 Bxg2 24. Kxg2 Ne4 25. Nxe4 Qxe4 26. Qxf7+ Kxf7 27. Bxe5 g5 28. Kg3 h6 29. Bd4 Ke6 30. Rc1 b4 31. Rc5 Qh7 32. Rxg5 Qc7+ 33. Re5+ Kf6 34. Kg2 Qc2 35. Rc5+ 1-0

[Event "Orlova op 13th"]
[Site "Orlova"]
[Date "2016.05.21"]
[Round "1"]
[White "Vahala, Tomas"]
[Black "Rocek, Tomas"]
[Result "1-0"]
[WhiteElo "1849"]
[BlackElo "1242"]
[PlyCount "69"]
[EventDate "2016.05.21"]
[EventType "swiss"]
[EventRounds "9"]
[EventCountry "CZE"]
[SourceTitle "EXT 2017"]
[Source "ChessBase"]
[SourceDate "2016.10.25"]
[SourceVersion "1"]
[SourceVersionDate "2016.10.25"]
[SourceQuality "1"]

1. c4 e5 2. Nc3 Nf6 3. g3 d5 4. cxd5 Nxd5 5. Bg2 Nxc3 6. bxc3 Be7 7. Nf3 f6 8. Qb3 Qd6 9. 0-0 Qb6 10. Qc2 0-0 11. d3 Bf5 12. Rb1 Qa6 13. Nh4 Bc8 14. Qb3+ Kh8 15. Bxb7 Qxb7 16. Qxb7 Bxb7 17. Rxb7 Na6 18. Be3 Bc5 19. Bxc5 Nxc5 20. Rxc7 Rfc8 21. Rxc8+ Rxc8 22. Rb1 h6 23. c4 a5 24. Ng6+ Kh7 25. Ne7 Rc7 26. Nd5 Rb7 27. Rxb7 Nxb7 28. f4 Kg6 29. Kf2 Kf5 30. Kf3 Nc5 31. Ne7+ Ke6 32. Nc6 Kf5 33. Nxa5 e4+ 34. dxe4+ Nxe4 35. g4+ 1-0

[Event "Karvina op"]
[Site "Karvina"]
[Date "2013.07.02"]
[Round "4"]
[White "Vahala, Tomas"]
[Black "Kopel, Wojciech"]
[Result "1-0"]
[WhiteElo "1859"]
[BlackElo "1479"]
[PlyCount "81"]
[EventDate "2013.06.29"]
[EventType "swiss"]
[EventRounds "9"]
[EventCountry "CZE"]
[SourceTitle "CBM 155 Extra"]
[Source "ChessBase"]
[SourceDate "2013.08.26"]
[SourceVersion "1"]
[SourceVersionDate "2013.08.26"]
[SourceQuality "1"]

1. c4 e6 2. Nf3 d5 3. e3 c6 4. b3 Nf6 5. Bb2 Bd6 6. d3 0-0 7. Nbd2 Re8 8. d4 Nbd7 9. Be2 e5 10. dxe5 Nxe5 11. 0-0 dxc4 12. Nxc4 Nxc4 13. Bxc4 b5 14. Be2 Nd5 15. Qd4 Qf6 16. Qxd5 Qxb2 17. Qxc6 Bg4 18. Bxb5 Be7 19. Qe4 Bxf3 20. gxf3 Qf6 21. Bxe8 Rxe8 22. Rfd1 Rc8 23. Rab1 g6 24. Rd2 Qc3 25. Rbd1 Bf6 26. f4 Kg7 27. Qd3 Qc5 28. Qd5 Qc3 29. Qb7 a5 30. Rd7 Rf8 31. a4 Qc2 32. R1d2 Qc1+ 33. Kg2 Qc3 34. Qd5 Qb4 35. Qc4 Qb6 36. R2d6 Qb8 37. e4 Bb2 38. e5 Qa8+ 39. Rc6 Qe8 40. Rcc7 Ba3 41. e6 1-0

[Event "Orlova op 10th"]
[Site "Orlova"]
[Date "2013.05.15"]
[Round "3"]
[White "Drozniak, Stanislaw"]
[Black "Vahala, Tomas"]
[Result "1-0"]
[WhiteElo "1368"]
[BlackElo "1893"]
[PlyCount "107"]
[EventDate "2013.05.13"]
[EventType "swiss"]
[EventRounds "9"]
[EventCountry "CZE"]
[SourceTitle "CBM 154 Extra"]
[Source "ChessBase"]
[SourceDate "2013.06.25"]
[SourceVersion "2"]
[SourceVersionDate "2013.06.25"]
[SourceQuality "1"]

1. e4 c5 2. Nf3 d6 3. d4 cxd4 4. Nxd4 Nf6 5. Nc3 a6 6. Bg5 e6 7. Bc4 Be7 8. 0-0 Nc6 9. Kh1 Qc7 10. f4 b5 11. Nxc6 Qxc6 12. Bd3 Bb7 13. Qe2 0-0 14. e5 Nd5 15. Nxd5 Bxg5 16. Nb4 Qc5 17. Nxa6 Bxa6 18. fxg5 Qxe5 19. Rae1 g6 20. Qxe5 dxe5 21. Rxe5 b4 22. Bxa6 Rxa6 23. Rb5 Rxa2 24. Rxb4 Rd8 25. Rb7 Rf8 26. c4 f5 27. gxf6 Rxf6 28. Kg1 Rxf1+ 29. Kxf1 Ra1+ 30. Kf2 Rc1 31. b3 Rc2+ 32. Kf3 h6 33. Re7 Rc3+ 34. Ke4 Rxb3 35. Rxe6 Kf7 36. Rc6 Rc3 37. c5 Rc1 38. Rc8 Ke6 39. c6 Re1+ 40. Kd4 Rc1 41. c7 Kd7 42. Rg8 Rd1+ 43. Ke5 Kxc7 44. Rxg6 h5 45. Rh6 Ra1 46. Kf5 Ra2 47. Rg6 h4 48. h3 Rf2+ 49. Ke4 Ra2 50. Kf3 Ra3+ 51. Kg4 Ra4+ 52. Kh5 Kd7 53. Rg4 Ra5+ 54. Kxh4 1-0

[Event "Orlova op 10th"]
[Site "Orlova"]
[Date "2013.05.14"]
[Round "2"]
[White "Vahala, Tomas"]
[Black "Sergeev, Vladimir"]
[Result "0-1"]
[WhiteElo "1893"]
[BlackElo "2430"]
[PlyCount "82"]
[EventDate "2013.05.13"]
[EventType "swiss"]
[EventRounds "9"]
[EventCountry "CZE"]
[SourceTitle "CBM 154 Extra"]
[Source "ChessBase"]
[SourceDate "2013.06.25"]
[SourceVersion "2"]
[SourceVersionDate "2013.06.25"]
[SourceQuality "1"]

1. c4 Nf6 2. Nf3 g6 3. b3 Bg7 4. Bb2 0-0 5. g3 d6 6. d4 Bf5 7. Bg2 Qc8 8. 0-0 Bh3 9. Nbd2 Bxg2 10. Kxg2 a6 11. Re1 b5 12. Qc2 Qb7 13. Rab1 e6 14. e3 Rc8 15. Rec1 c5 16. Kg1 Nbd7 17. Qd1 b4 18. a3 a5 19. axb4 axb4 20. Ra1 Rab8 21. Ra2 Rc7 22. Rca1 h6 23. Ra7 Qxa7 24. Rxa7 Rxa7 25. Kg2 Ra2 26. Qb1 Rba8 27. h3 d5 28. e4 Nxe4 29. Nxe4 dxe4 30. Qxe4 R8a7 31. Bc1 cxd4 32. Nxd4 Nc5 33. Qe3 Rd7 34. Nf3 Nd3 35. Bd2 Bc3 36. Qxh6 Bxd2 37. Nxd2 Ne1+ 38. Kf1 Rdxd2 39. Kxe1 Re2+ 40. Kf1 Rxf2+ 41. Kg1 Rfc2 0-1

[Event "Cesky Krumlov op 4th"]
[Site "Cesky Krumlov"]
[Date "2010.11.28"]
[Round "9"]
[White "Nikolaeva, Maria"]
[Black "Vahala, Tomas"]
[Result "1/2-1/2"]
[WhiteElo "2075"]
[BlackElo "1876"]
[PlyCount "80"]
[EventDate "2010.11.21"]
[EventType "swiss"]
[EventRounds "9"]
[EventCountry "CZE"]
[SourceTitle "CBM 139 Extra"]
[Source "ChessBase"]
[SourceDate "2011.01.05"]
[SourceVersion "1"]
[SourceVersionDate "2011.01.05"]
[SourceQuality "1"]

1. Nf3 Nf6 2. g3 g6 3. Bg2 Bg7 4. c4 c5 5. 0-0 Nc6 6. d4 cxd4 7. Nxd4 0-0 8. Nc3 Qb6 9. Nc2 d6 10. Rb1 Bf5 11. e4 Bg4 12. Qd2 Ne5 13. Ne3 Bf3 14. b3 Bxg2 15. Kxg2 Rac8 16. Bb2 Neg4 17. Nxg4 Nxg4 18. Nd5 Qd8 19. Bxg7 Kxg7 20. Qd4+ Kg8 21. Qxa7 e6 22. Nc3 Qf6 23. Rbc1 Rc5 24. h3 Ne5 25. f4 Nd3 26. e5 dxe5 27. Ne4 Qf5 28. Nxc5 Nxc1 29. Rxc1 Rd8 30. Nd7 Qe4+ 31. Kf2 Rxd7 32. Qb8+ Kg7 33. Qxe5+ Qxe5 34. fxe5 Rd2+ 35. Ke3 Rxa2 36. b4 Rb2 37. b5 b6 38. c5 bxc5 39. Rxc5 h6 40. h4 Rb4 1/2-1/2

[Event "Cesky Krumlov op 4th"]
[Site "Cesky Krumlov"]
[Date "2010.11.25"]
[Round "5"]
[White "Moronga, Jan"]
[Black "Vahala, Tomas"]
[Result "1/2-1/2"]
[WhiteElo "1914"]
[BlackElo "1876"]
[PlyCount "124"]
[EventDate "2010.11.21"]
[EventType "swiss"]
[EventRounds "9"]
[EventCountry "CZE"]
[SourceTitle "CBM 139 Extra"]
[Source "ChessBase"]
[SourceDate "2011.01.05"]
[SourceVersion "1"]
[SourceVersionDate "2011.01.05"]
[SourceQuality "1"]

1. c4 e5 2. Nc3 d6 3. g3 Nc6 4. Bg2 g6 5. Nf3 Bg7 6. e3 Nge7 7. 0-0 0-0 8. h3 Be6 9. d3 f6 10. a3 a5 11. b3 Qd7 12. Kh2 h6 13. Bb2 f5 14. d4 exd4 15. exd4 Bf7 16. Qd2 Kh7 17. Rae1 Rae8 18. d5 Ne5 19. Nd4 g5 20. Nce2 N5g6 21. f4 gxf4 22. Nxf4 Nxf4 23. Rxf4 Ng6 24. Rff1 Rxe1 25. Rxe1 Ne5 26. Rf1 Bg8 27. Ne2 b6 28. Bc1 Ng6 29. Bb2 Ne5 30. Nf4 Bf7 31. Qc2 Kg8 32. Rf2 Qc8 33. Ne6 Bxe6 34. dxe6 c6 35. Rxf5 Qxe6 36. Rxf8+ Bxf8 37. Bd4 d5 38. cxd5 cxd5 39. Qc7 Nd7 40. Qb7 Nf6 41. Qxb6 Qxb6 42. Bxb6 Bxa3 43. Bxa5 d4 44. Bd2 Nd7 45. b4 Nb6 46. b5 Kg7 47. Be4 Nc4 48. Bf4 Bc5 49. Kg2 Nb6 50. Kf3 Nc4 51. Ke2 Nb2 52. Bc7 Nc4 53. Bd5 Nb6 54. Bb3 Kf6 55. Kd3 Kf5 56. Bf4 Kg6 57. Be5 Nd7 58. Bxd4 Bd6 59. g4 h5 60. gxh5+ Kxh5 61. Be6 Nc5+ 62. Bxc5 Bxc5 1/2-1/2

[Event "Orlova op 7th"]
[Site "Orlova"]
[Date "2010.05.23"]
[Round "3"]
[White "Vahala, Tomas"]
[Black "Gazik, Renata"]
[Result "1/2-1/2"]
[WhiteElo "1867"]
[BlackElo "2188"]
[PlyCount "35"]
[EventDate "2010.05.22"]
[EventType "swiss"]
[EventRounds "7"]
[EventCountry "CZE"]
[SourceTitle "EXT 2012"]
[Source "ChessBase"]
[SourceDate "2011.11.24"]
[SourceVersion "1"]
[SourceVersionDate "2011.11.24"]
[SourceQuality "1"]

1. e4 e6 2. d4 d5 3. Nd2 Nf6 4. e5 Nfd7 5. Bd3 c5 6. c3 Nc6 7. Ne2 cxd4 8. cxd4 f6 9. exf6 Qxf6 10. Nf3 h6 11. 0-0 Bd6 12. Nc3 0-0 13. b3 Nb4 14. Bb1 e5 15. Nxe5 Nxe5 16. dxe5 Bxe5 17. Qxd5+ Rf7 18. Bb2 1/2-1/2

[Event "Cesky Krumlov op 3rd"]
[Site "Cesky Krumlov"]
[Date "2009.11.21"]
[Round "9"]
[White "Nad, Boris"]
[Black "Vahala, Tomas"]
[Result "1/2-1/2"]
[WhiteElo "1909"]
[BlackElo "1853"]
[PlyCount "134"]
[EventDate "2009.11.14"]
[EventType "swiss"]
[EventRounds "9"]
[EventCountry "CZE"]
[SourceTitle "EXT 2010"]
[Source "ChessBase"]
[SourceDate "2010.11.25"]
[SourceVersion "1"]
[SourceVersionDate "2010.11.25"]
[SourceQuality "1"]

1. e4 c5 2. Nf3 d6 3. c4 Nf6 4. d4 cxd4 5. Nxd4 e6 6. Nc3 a6 7. Be3 Nc6 8. Be2 Be7 9. 0-0 0-0 10. Qb3 Nxd4 11. Bxd4 Nd7 12. Rad1 Qc7 13. Rc1 b6 14. f4 Bb7 15. Bf3 Rac8 16. Ne2 e5 17. Be3 exf4 18. Nxf4 Nc5 19. Qc2 Bf6 20. b3 Rfe8 21. Nd5 Bxd5 22. cxd5 Qd8 23. b4 Nd7 24. Qxc8 Qxc8 25. Rxc8 Rxc8 26. Bg4 Rc3 27. Bf2 Ne5 28. Be2 b5 29. Rd1 Nc4 30. Bd4 Bxd4+ 31. Rxd4 Ne5 32. Rd2 g6 33. h3 f6 34. a4 Nc4 35. Ra2 Rb3 36. axb5 axb5 37. Ra8+ Kg7 38. Ra7+ Kh6 39. Rb7 Rxb4 40. Bxc4 Rxc4 41. Rxb5 Rxe4 42. Rb6 Rd4 43. Rxd6 Kg5 44. Rd8 Kf5 45. Rd6 Ke5 46. Re6+ Kxd5 47. Rxf6 Ke5 48. Rf7 h5 49. Kh2 Rf4 50. Ra7 h4 51. Rg7 Kf5 52. Rg8 Kg5 53. Ra8 Rf5 54. Ra3 Re5 55. Ra4 Rf5 56. Rg4+ Kh5 57. Rb4 Kg5 58. Kg1 Kh5 59. Kh2 Kg5 60. Kg1 Kh5 61. Rg4 g5 62. Ra4 Kg6 63. Ra6+ Kg7 64. g3 hxg3 65. Kg2 Rf4 66. Kxg3 Rc4 67. Rb6 Rf4 1/2-1/2

[Event "Cesky Krumlov op 3rd"]
[Site "Cesky Krumlov"]
[Date "2009.11.20"]
[Round "8"]
[White "Vahala, Tomas"]
[Black "Jiruse, Josef"]
[Result "0-1"]
[WhiteElo "1853"]
[BlackElo "2074"]
[PlyCount "54"]
[EventDate "2009.11.14"]
[EventType "swiss"]
[EventRounds "9"]
[EventCountry "CZE"]
[SourceTitle "EXT 2010"]
[Source "ChessBase"]
[SourceDate "2010.11.25"]
[SourceVersion "1"]
[SourceVersionDate "2010.11.25"]
[SourceQuality "1"]

1. e4 c6 2. d4 g6 3. Be3 d5 4. e5 h5 5. Bd3 Nh6 6. Ne2 Nf5 7. Bg5 Qb6 8. c3 Bh6 9. Bxh6 Nxh6 10. Qc1 Bf5 11. Bxf5 Nxf5 12. Nd2 c5 13. 0-0 cxd4 14. cxd4 Nc6 15. Nf3 Nfxd4 16. Nexd4 Nxd4 17. Nxd4 Qxd4 18. e6 fxe6 19. Qc2 Kf7 20. Rad1 Qc4 21. Qd2 Rac8 22. Rfe1 Rc6 23. Re5 Qc2 24. Qf4+ Kg7 25. Rde1 Rf8 26. Qg3 Rf5 27. R5e2 Qxe2 0-1

[Event "Cesky Krumlov op 3rd"]
[Site "Cesky Krumlov"]
[Date "2009.11.17"]
[Round "5"]
[White "Paldus, Petr"]
[Black "Vahala, Tomas"]
[Result "1/2-1/2"]
[WhiteElo "2041"]
[BlackElo "1853"]
[PlyCount "92"]
[EventDate "2009.11.14"]
[EventType "swiss"]
[EventRounds "9"]
[EventCountry "CZE"]
[SourceTitle "EXT 2010"]
[Source "ChessBase"]
[SourceDate "2010.11.25"]
[SourceVersion "1"]
[SourceVersionDate "2010.11.25"]
[SourceQuality "1"]

1. e4 c5 2. Nf3 d6 3. g3 Nc6 4. Bg2 Nf6 5. Nc3 e6 6. 0-0 Be7 7. d3 0-0 8. h3 a6 9. Be3 Bd7 10. Nh2 d5 11. exd5 exd5 12. Nxd5 Nxd5 13. Bxd5 Bxh3 14. Bg2 Bxg2 15. Kxg2 Qd5+ 16. Qf3 Qxf3+ 17. Nxf3 b6 18. d4 cxd4 19. Nxd4 Nxd4 20. Bxd4 Rab8 21. Rfe1 Bd6 22. Rad1 Rfd8 23. Rd3 Bc5 24. Bxc5 Rxd3 25. cxd3 bxc5 26. b3 Kf8 27. Rc1 Rb5 28. Rc3 Ke7 29. a4 Rb4 30. Rxc5 Rxb3 31. Rc7+ Ke8 32. Rc6 Rxd3 33. Rxa6 Ra3 34. Ra7 g6 35. Kh3 Kf8 36. Kg4 Kg7 37. Kf4 h5 38. a5 Ra2 39. f3 Ra4+ 40. Ke3 Ra3+ 41. Kf4 Kh6 42. Ra6 f6 43. g4 h4 44. Ra8 g5+ 45. Ke4 Kg7 46. Ra7+ Kg6 1/2-1/2

[Event "Cesky Krumlov op 3rd"]
[Site "Cesky Krumlov"]
[Date "2009.11.16"]
[Round "3"]
[White "Kredl, Karel"]
[Black "Vahala, Tomas"]
[Result "1-0"]
[WhiteElo "2077"]
[BlackElo "1853"]
[PlyCount "95"]
[EventDate "2009.11.14"]
[EventType "swiss"]
[EventRounds "9"]
[EventCountry "CZE"]
[SourceTitle "EXT 2010"]
[Source "ChessBase"]
[SourceDate "2010.11.25"]
[SourceVersion "1"]
[SourceVersionDate "2010.11.25"]
[SourceQuality "1"]

1. d4 Nf6 2. Nf3 g6 3. Bf4 Bg7 4. e3 d6 5. h3 0-0 6. Be2 Nbd7 7. 0-0 Re8 8. c4 c5 9. Nc3 Nh5 10. Bh2 cxd4 11. exd4 f5 12. Qd2 Nf8 13. d5 Bd7 14. Rfd1 Rc8 15. Rac1 Qb6 16. Nd4 Nf6 17. Bf4 a6 18. Be3 Qd8 19. b4 Kh8 20. c5 dxc5 21. bxc5 e5 22. dxe6 Nxe6 23. Nxe6 Bxe6 24. Qxd8 Rcxd8 25. Bf3 Rxd1+ 26. Rxd1 Bc8 27. Rb1 Re7 28. Bf4 Ne4 29. Bxe4 Bxc3 30. Bf3 Re1+ 31. Rxe1 Bxe1 32. Kf1 Bc3 33. Ke2 Kg7 34. Kd3 Bf6 35. Bd5 g5 36. Bd6 h6 37. g3 Bd8 38. Be5+ Kg6 39. f4 Ba5 40. fxg5 hxg5 41. Ke3 Bd8 42. Kf3 Be7 43. Bd4 Bd8 44. Be5 Be7 45. Bd6 Bd8 46. a4 Bf6 47. Bf8 Bd8 48. Ke3 1-0

[Event "Cesky Krumlov op 3rd"]
[Site "Cesky Krumlov"]
[Date "2009.11.15"]
[Round "2"]
[White "Vahala, Tomas"]
[Black "Sindelka, Vladimir"]
[Result "1-0"]
[WhiteElo "1853"]
[BlackElo "1617"]
[PlyCount "79"]
[EventDate "2009.11.14"]
[EventType "swiss"]
[EventRounds "9"]
[EventCountry "CZE"]
[SourceTitle "EXT 2010"]
[Source "ChessBase"]
[SourceDate "2010.11.25"]
[SourceVersion "1"]
[SourceVersionDate "2010.11.25"]
[SourceQuality "1"]

1. e4 e6 2. d4 d5 3. Nd2 Nf6 4. e5 Nfd7 5. Bd3 c5 6. c3 Nc6 7. Ne2 cxd4 8. cxd4 f6 9. exf6 Nxf6 10. 0-0 Bd6 11. Nf3 Qc7 12. Bg5 Bd7 13. Bh4 Ng4 14. Bg3 Bxg3 15. hxg3 Qd8 16. Re1 Qf6 17. Nf4 0-0 18. Nh3 Kh8 19. Bb1 Rae8 20. Qd2 Nh6 21. Bc2 Nf5 22. Rad1 Nd6 23. b3 a5 24. a3 b5 25. Ne5 Re7 26. Nxd7 Rxd7 27. Ng5 Ne4 28. Nxe4 dxe4 29. Rxe4 Rdf7 30. Rf4 Qe7 31. Rxf7 Rxf7 32. Qd3 g6 33. Qxb5 Na7 34. Qxa5 Qf6 35. Qd2 Nc6 36. Be4 Na5 37. Bf3 Qd8 38. b4 Nc4 39. Qc3 Qc7 40. Rc1 1-0

[Event "Cesky Krumlov op 2nd"]
[Site "Cesky Krumlov"]
[Date "2008.10.11"]
[Round "1"]
[White "Korostenski, Frantisek"]
[Black "Vahala, Tomas"]
[Result "1-0"]
[WhiteElo "2205"]
[BlackElo "1858"]
[PlyCount "83"]
[EventDate "2008.10.11"]
[EventType "swiss"]
[EventRounds "9"]
[EventCountry "CZE"]
[SourceTitle "CBM 126 Extra"]
[Source "ChessBase"]
[SourceDate "2008.11.05"]
[SourceVersion "1"]
[SourceVersionDate "2008.11.05"]
[SourceQuality "1"]

1. e4 c5 2. a3 d6 3. b4 cxb4 4. axb4 Nf6 5. Nc3 e6 6. Nf3 Be7 7. Be2 0-0 8. 0-0 b6 9. Bb2 Bb7 10. d3 Nbd7 11. Qd2 a6 12. Nd1 b5 13. Ne3 Rc8 14. Nd4 d5 15. exd5 Nxd5 16. Nxd5 Bxd5 17. Rxa6 Ra8 18. Rfa1 Rxa6 19. Rxa6 Bf6 20. c4 bxc4 21. dxc4 Bb7 22. Ra2 Ne5 23. Bc3 Qc7 24. c5 Rd8 25. Qe3 Qd7 26. Rd2 Qa4 27. Nb5 Rxd2 28. Qxd2 Bd5 29. Nd6 Qc6 30. f3 h6 31. Qe3 Nd7 32. Bb5 Qc7 33. Ne8 Qd8 34. Nxf6+ Nxf6 35. c6 Ne8 36. Qd4 f6 37. Bc4 Nc7 38. b5 e5 39. Bxd5+ Nxd5 40. c7 Qxc7 41. Qxd5+ Kh8 42. Qc6 1-0